Agglomerationen - Postsowjetischer Raum - Statistiken

Allgemein
  • Dieses Quiz wurde 76 mal gespielt
  • Das Durchschnittsergebnis liegt bei 9 aus 15
Antwortstatistiken
Hint Antwort % Korrekt
19,1 Mio. Moskau / Russland
100%
6,5 Mio. Sankt Petersburg / Russland
100%
3,5 Mio. Kiew / Ukraine
97%
2,65 Mio. Minsk / Weißrussland
93%
2,82 Mio. Baku / Aserbaidschan
59%
2,37 Mio. Jekaterinburg / Russland
55%
1,65 Mio. Kasan / Russland
55%
2,5 Mio. Almaty / Kasachstan
52%
5,0 Mio. Taschkent / Usbekistan
52%
2,27 Mio. Nowosibirsk / Russland
48%
2,15 Mio. Rostow am Don / Russland
48%
1,65 Mio. Krasnodar / Russland
34%
3,2 Mio. Duschanbe / Tadschikistan
31%
1,78 Mio. Nischnij Nowgorod / Russland
31%
2,75 Mio. Samara-Toljatti / Russland
31%
Keine übereinstimmenden Quizze gefunden
Verteilung der Resultate
Anzahl Personen mit jedem Resultat
Perzentil nach korrekt beantworteten Fragen
Ihre Resultats-Entwicklung
Sie haben dieses Quiz noch nicht gespielt